000 00916cab a2200277 4500
001 WB3143-35
008 090401t1995 xxu||||| |||| 00| 0 eng d
035 _a(Sirsi) u28784
041 _aeng
245 4 _aThe tide turns for tenants
260 _c1995
350 _a0
490 _aIndependent on Sunday
_v12 November 1995, 27
490 _aDaily Telegraph
_v9 December 1995, B14(2)
520 _aA tenant`s out-of-court settlement with a rent assessment committee may result in rent reductions for others. Also a look at how housing benefits for new tenants of private landlords will soon be assessed under different rules.
650 _aFAIR RENTS
650 _aFLATS
650 _aJUDICIAL REVIEW
650 _aRENT ASSESSMENT COMMITTEE
650 _aRENTS
650 _aSCARCITY VALUE
650 _aTEST CASE
690 _aPROPERTY-LANDLORD AND TENANT
942 _n0
948 _c04/03/1997
999 _c19360
_d19360